Loreto College Library, Kolkata
WEBOPAC (ONLINE PUBLIC ACCESS CATALOGUE)

The Cambridge Companion to Shakespeare on Film (Record no. 17560)

MARC details
000 -LEADER
fixed length control field 00702nam a2200217Ia 4500
008 - FIXED-LENGTH DATA ELEMENTS--GENERAL INFORMATION
fixed length control field 131103s9999 xx 000 0 und d
020 ## - ISBN | অাই এস বি এন
ISBN | অাই এস বি এন 052168501X
PRICE Rs 795
040 ## - CATALOGING SOURCE
Original cataloging agency Loreto College
041 ## - LANGUAGE CODE
Language code English
082 ## - DDC | ডিউই
Classification number | বর্গসংখ্যা 822.33/SHA-JAC
Book Number | গ্রন্থাঙ্ক LCLIB/45916
245 #4 - TITLE STATEMENT | অাখ্যা বিবরণী
Title | অাখ্যা The Cambridge Companion to Shakespeare on Film
Statement of responsibility | লেখকের দায়িত্বের বিবরণ Edited by Russell Jackson
250 ## - EDITION STATEMENT | সংস্করণ ক্ষেত্র
Edition statement | সংস্করণ 2nd ed
260 ## - IMPRINT | প্রকাশনা ক্ষেত্র
Place of publication | প্রকাশ স্থান Cambridge
Name of publisher | প্রকাশকের নাম Cambridge University Press
Date of publication | প্রকাশ কাল 2007
300 ## - PHYSICAL DESCRIPTION |
Page / Vol. No | পৃষ্ঠা / খন্ড সংখ্যা xii,349p
504 ## - BIBLIOGRAPHY, ETC. NOTE
Bibliography, etc Includes bibliographical references, filmography and index
650 ## - SUBJECT ADDED ENTRY--TOPICAL TERM | বিষয় শিরোনাম - মূল বিষয়
Topical term | মূল বিষয় Shakespeare, William, 1564-1616
651 ## - SUBJECT ADDED ENTRY--GEOGRAPHIC NAME | বিষয় শিরোনাম - ভৌগলিক নাম
Geographic name | ভৌগলিক বিষয় Film and Shakespeare
700 ## - ADDED ENTRY--PERSONAL NAME | অতিরিক্ত সংলেখ - ব্
Personal name | ব্যাক্তিনাম Jackson, Russell, ed
850 ## - HOLDING INSTITUTION
Holding institution LCLIB/822.33/SHA-JAC
942 ## - ADDED ENTRY ELEMENTS (KOHA)
Koha item type Books
Holdings
Withdrawn status Lost status Source of classification Damaged status Not for loan Home library Current library Shelving location Date acquired Total Checkouts Full call number Accession No. Date last seen Price effective from Koha item type
    Dewey Decimal Classification     Loreto College Loreto College Post Graduate 04/11/2013   822.33/SHA-JAC LCLIB/45916 B17971 04/11/2013 04/11/2013 Books